000 00328 a2200157 4500
001 190549
020 _a1-4130-2757-1
040 _cMagnum
100 _aJamall, Maurice
240 1 0 _aSarah´s surprise
_lING
245 1 0 _aSarah´s surprise
300 _a15
362 0 _a2006
697 _aLITERATURA INGLESA
942 _cBK
999 _c190549
_d190549